00717 2200181 4500245004400000020001800044250001100062100001700073700001700090650004300107005001900150260004200169041001400211084000800225300002300233500027000256336000900526 aDemam Bulan PurnamacStine, R. L.hText a979-686-171-2 aCet. 1 aStine, R. L. aWidya Kirana aFiksi Inggris (dalam Bahasa Indonesia) a20231006141343 aJakartabGramedia Pustaka Utamac2001 aIndonesia a813 a144 hlm. :c20 cm. aSelimut seprai koyak-koyak. Dicakar-cakar, dirobek-robek hancur menjadi serpihan-serpihan. Aku menggeram, dadaku turun-naik. Dengus napas yang keras dan parau meluncur dari mulutku yang terbuka. Aku berjalan terhhuyung-huyung menyebrangi kamarku mendekat ke cermin. atext